Chodates comparative anatomy, function and evolution (Record no. 395031)

MARC details
000 -LEADER
fixed length control field 00561 a2200217 4500
005 - DATE & TIME
control field 20260210110249.0
008 - FIXED-LENGTH DATA ELEMENTS--GENERAL INFORMATION
fixed length control field 260209b |||||||| |||| 00| 0 eng d
020 ## - ISBN
International Standard Book Number 9788119497713
Price Rs. 2995.00
040 ## - CATALOGING SOURCE
Original cataloging agency VIVEKANANDA LIBRARY
082 ## - DDC NUMBER
Classification number 597
Book Number L458C
100 ## - MAIN ENTRY--PERSONAL NAME
Personal name Choudhary, Lalit
245 ## - TITLE STATEMENT
Title Chodates comparative anatomy, function and evolution
260 ## - PUBLICATION, DISTRIBUTION, ETC. (IMPRINT)
Name of publisher, distributor, etc Paradise Publishers
Date of publication, distribution, etc 2025
Place of publication, distribution, etc Jaipur
300 ## - PHYSICAL DESCRIPTION
Pages 296
650 ## - Subject
Subject Zoology
650 ## - Subject
Subject Vertebrates
650 ## - Subject
Subject Chordates
700 ## - Added Entry Personal Name
Added Entry Personal Name Rao, Ashwarya
700 ## - Added Entry Personal Name
Added Entry Personal Name Bhardwaj, Seema
942 ## - ADDED ENTRY ELEMENTS (KOHA)
Koha item type Books
Holdings
Withdrawn status Lost status Source of classification or shelving scheme Damaged status Not for loan Location (home branch) Sublocation or collection (holding branch) Shelving location Date acquired Koha issues (times borrowed) Koha full call number Accession No. Koha date last seen Koha item type
    Dewey Decimal Classification     VIVEKANANDA LIBRARY VIVEKANANDA LIBRARY Vivekananda Library 27/01/2026   597 L458C 444255 27/01/2026 Books
© Designed and Maintained by Vivekananda Library, MDU Rohtak